Guess The Horror Game From The Main Antagonist #5 - Statistics

General Stats
  • This quiz has been taken 42 times
  • The average score is 5 of 30
Answer Stats
Main Antagonist Horror Game % Correct
Pennywise It: Escape From Pennywise VR
87%
The Baby in Yellow The Baby in Yellow
48%
Stinger Flynn Garten of Banban III
35%
Happy the Humble Heifer Happy’s Humble Burger Farm
26%
The Infected The Last Of Us
23%
Derek Clifford Simmons Resident Evil 6
19%
The Freaky Manager The Night of the Consumers
19%
Dr. Olivia Pierce Doom (2016)
16%
The Boogeyman Boogeyman
13%
Longtooth Darkness Dwells
13%
Pac-Man The Hall
13%
The Home Intruder Fears To Fathom: Home Alone
10%
The Townspeople Harvest Festival 64
10%
The Imposters Imposter Hide
10%
The Giant Moth MOTH HOUSE
10%
The Manager No Delivery
10%
Potrick Snap Potrick Snap
10%
Duo Push: A Duolingo Horror Game
10%
The Light Stealer Replace The Lamp
10%
The Unknown Monster Slide in the Woods
10%
The Man With A Hammer Stairs
10%
The Shadow Leviathans Subnautica: Below Zero
10%
Garfield The Last Monday
10%
The Escaped Entity The Possession Experiment
10%
Samuel The Secret World
10%
The Gloom The Voidness
10%
The Engineer Amnesia: A Machine For Pigs
6%
The Moniters Dreader
6%
Hannya Ghostwire: Tokyo
6%
The Abomination Aliens vs. Predator
3%
No matching quizzes found
Score Distribution
Percent of People with Each Score
Percentile by Number Answered
Your Score History
You have not taken this quiz